Some developments in Japanese small business

保存先:
書誌詳細
フォーマット: 図書
言語:Undetermined
出版事項: Tokyo 1969
主題:
タグ: タグ追加
タグなし, このレコードへの初めてのタグを付けませんか!
Thư viện lưu trữ: Trung tâm Học liệu Trường Đại học Cần Thơ
LEADER 00441nam a2200169Ia 4500
001 CTU_105636
008 210402s9999 xx 000 0 und d
082 |a 658.022 
082 |b S693 
245 0 |a Some developments in Japanese small business 
260 |a Tokyo 
260 |c 1969 
650 |a Small business 
650 |x Periodicals 
650 |z Japan 
904 |i Tuyến 
980 |a Trung tâm Học liệu Trường Đại học Cần Thơ